Investigación básica aplicada al desarrollo sustentable de las pesquerías: resúmenes
Enregistré dans:
| Format: | Livre |
|---|---|
| Langue: | espagnol |
| Publié: |
Santiago
Comité de Ciencias Marinas
1992
|
| Sujets: | |
| Tags: |
Ajouter un tag
Pas de tags, Soyez le premier à ajouter un tag!
|
MARC
| LEADER | 00000nam a2200000 a 4500 | ||
|---|---|---|---|
| 001 | UCY2240 | ||
| 003 | CL-VaPUC | ||
| 005 | 20221021074602.0 | ||
| 008 | 941018e19920000cl 1 spa d | ||
| 082 | 0 | 4 | |a 578.77 |b INV |2 21 |
| 245 | 1 | 0 | |a Investigación básica aplicada al desarrollo sustentable de las pesquerías: resúmenes |
| 260 | |a Santiago |b Comité de Ciencias Marinas |c 1992 | ||
| 300 | |a 147 p | ||
| 583 | |a last modification |c 20190821 09:39:53 |k Rodrigo Vera | ||
| 650 | 0 | 0 | |a Biología marina |9 259965 |
| 650 | 0 | 0 | |a Congresos |9 257560 |
| 650 | 0 | 0 | |a Acuicultura |9 258883 |
| 650 | 0 | 0 | |a Industria pesquera |9 255432 |
| 650 | 0 | 7 | |a CIENCIAS DEL MAR |2 CL-VaPUC |9 261896 |
| 942 | |c BK | ||
| 945 | |a mfernand |d 19941018 00:00:00 | ||
| 546 | |a En Español | ||
| 536 | |a Comité de Ciencias Marinas | ||
| 518 | |p Jornadas de Ciencias del Mar, 12, Santiago de Chile, 1992 | ||
| 999 | |c 382303 |d 382301 | ||